000 00242nam a2200097Ia 4500
001 1040481
005 20250826232024.0
008 250824s9999 xx 000 0 und d
245 0 _aŞARK’IN KANDİLİ
_cALİ EMRE
260 _bKETEBE YAYINLARI
999 _c1040481
_d1040481